ヒトの主なホルモン - Statistics

General Stats
  • This quiz has been taken 18 times
  • The average score is 9 of 25
Answer Stats
内分泌腺 略記号 Answer 主な作用 % Correct
ランゲルハンス島(膵島)のB(β)細胞 インスリン 肝臓や筋肉でグルコースをグリコーゲンへ合成。全身の細胞内へ取り込ませ、消費させる。以上により、血糖濃度を下げる。視床下部からの副交感神経が分泌を促進。
100%
ランゲルハンス島(膵島)のA(α)細胞 グルカゴン 血糖濃度を上げる、つまり肝臓での糖新生(タンパク質などからグルコースを合成すること)を促進。視床下部からの交感神経が分泌を促進。
91%
(脳)下垂体後葉 ADH バソプレシン 血圧を上げる。腎臓の集合管に作用すると、原尿から毛細血管へ再吸収する水分量を増加させる。それにより、尿量が減少し、塩分濃度が低下する。
73%
副腎髄質 アドレナリン 血糖濃度を上げる、肝臓にあるグリコーゲンの分解により。神経伝達物質としても働く。心臓の拍動促進。視床下部からの交感神経が分泌を促進。
73%
(脳)下垂体前葉 TSH 甲状腺刺激ホルモン 甲状腺ホルモンの分泌促進。
64%
副腎皮質 鉱質コルチコイド 腎臓でのNa⁺の再吸収を促進。具体例は、アルドステロン、デスオキシコルチステロン、フルドロコルチゾン
64%
副腎皮質 糖質コルチコイド 血糖濃度を上げる、つまり肝臓での糖新生(タンパク質などからグルコースを合成すること)を促進。具体例は、コルチゾール、コルチコステロン、コルチゾン
64%
(脳)下垂体前葉 GH 成長ホルモン タンパク質の合成促進。血糖濃度を上げる。骨の伸長。
45%
(脳)下垂体後葉 OXT オキシトシン 平滑筋の収縮により、陣痛を促進。
45%
副腎髄質 ノルアドレナリン 血圧を上げる。交感神経の神経伝達物質としてもはたらく。
45%
(脳)下垂体前葉 ACTH 副腎皮質刺激ホルモン 副腎皮質ホルモンの合成、分泌を促進。副腎皮質ホルモンからの負のフィードバックを受ける。
36%
甲状腺 T₄ チロキシン 生体内の化学反応(代謝)を促進。成長と分化を促進。視床下部と脳下垂体前葉に負のフィードバック。
36%
甲状腺(濾胞傍細胞) CT カルシトニン 血液中のCa²⁺濃度を下げる。
36%
(脳)下垂体前葉 PRL プロラクチン 乳腺の発達、乳汁の分泌。
27%
副甲状腺(上皮小体) PTH パラトルモン 血液中のCa²⁺濃度を上げる。
27%
視床下部 GHRH 成長ホルモン放出ホルモン GHの分泌を促進。
18%
視床下部 TRH 甲状腺刺激ホルモン放出ホルモン TSHの分泌を促進。プロラクチンの分泌を促進。
18%
ランゲルハンス島(膵島)のD(δ)細胞または視床下部 SST ソマトスタチン GHやTSHの分泌を抑制。インスリンやグルカゴンの分泌を抑制。
18%
視床下部 CRH 副腎皮質刺激ホルモン放出ホルモン ACTHの分泌を促進。
9%
視床下部 GnRH 性腺刺激ホルモン放出ホルモン LHやFSHの分泌を促進。
9%
(脳)下垂体中葉 MSH メラノトロピン メラニンの合成を促進。
9%
甲状腺 T₃ トリヨードチロニン 生体内の化学反応(代謝)を促進。成長と分化を促進。視床下部と脳下垂体前葉に負のフィードバック。
9%
(脳)下垂体前葉 LH 黄体形成ホルモン 考え中
0%
(脳)下垂体前葉 FSH 卵胞刺激ホルモン 考え中
0%
ランゲルハンス島(膵島)のB(β)細胞 IAPP アミリン 胃の排出を抑制。A細胞から出るホルモンの分泌を抑制。
0%
No matching quizzes found
Score Distribution
Percent of People with Each Score
Percentile by Number Answered
Your Score History
You have not taken this quiz